Regionale Strategien zum Recycling von Industriebrachen in Frankreich.

Situácia. Dynamika opätovného využitia ladom ležiacej pôdy z oblastného hľadiska. Príklady pôdy využívanej v minulosti v súvislosti s ťažbou uhlia a výrobou ocele v oblastiach Lotringen a Nord-Pas-de-Calais. Programy recyclingu na päťročné obdobie.

Salvato in:
Dettagli Bibliografici
Autore principale: Ferber, T.U
Altri autori: Graumann, D.
Natura: Capitolo di libro
Lingua:tedesco
Soggetti:
Tags: Aggiungi Tag
Nessun Tag, puoi essere il primo ad aggiungerne!!

MARC

LEADER 00000naa a2200000 4500
001 r002821
005 20220819192721.3
041 0 |a ger 
044 |a DE 
245 1 0 |a Regionale Strategien zum Recycling von Industriebrachen in Frankreich.  |c T.U. Ferber, D. Graumann 
520 |a Situácia. Dynamika opätovného využitia ladom ležiacej pôdy z oblastného hľadiska. Príklady pôdy využívanej v minulosti v súvislosti s ťažbou uhlia a výrobou ocele v oblastiach Lotringen a Nord-Pas-de-Calais. Programy recyclingu na päťročné obdobie. 
610 2 0 |a využitie pôdy 
610 2 0 |a regióny 
610 2 0 |a pôda 
610 2 0 |a politika regionálna 
610 2 0 |a Francúzsko 
610 2 0 |a stratégia hospodárska 
100 1 |a Ferber, T.U. 
700 1 |a Graumann, D.